The agriculture of the world
Αποθηκεύτηκε σε:
| Κύριος συγγραφέας: | |
|---|---|
| Μορφή: | Βιβλίο |
| Γλώσσα: | English |
| Δημοσίευση: |
Aldershot :
Avebury,
c1994
|
| Θέματα: | |
| Ετικέτες: |
Προσθήκη ετικέτας
Δεν υπάρχουν, Καταχωρήστε ετικέτα πρώτοι!
|
MARC
| LEADER | 00000nam a2200000 i 4500 | ||
|---|---|---|---|
| 001 | 1/88395 | ||
| 008 | 990824s1994 eng d | ||
| 020 | |a 1-85628-609-6 | ||
| 035 | |l 10052526 | ||
| 040 | |a GR-MY-UA |b gre |e aacr | ||
| 041 | 0 | |a eng | |
| 082 | 0 | |a 338.109 | |
| 100 | 1 | |a Burger, Anna. | |
| 245 | 1 | 4 | |a The agriculture of the world / |c Anna Burger |
| 260 | |a Aldershot : |b Avebury, |c c1994 | ||
| 300 | |a 306 p. |b fig.; tabl. | ||
| 504 | |a Includes bibliographical references and index | ||
| 650 | 0 | 0 | |a Agricultural geography. |
| 650 | 0 | 0 | |a Agriculture. |
| 650 | 0 | 0 | |a Agriculture |x Economic aspects. |
| 650 | 0 | 0 | |a Agricultural ecology. |
| 852 | |a INST |b LESVOS |e 19990824 |h 338.109 BUR |p 005100019707 |q 005100019707 |t BK |y 0 | ||
| 901 | |a BIBL1-1999-2 | ||
| 909 | |a Λ |b 063513 | ||
| 922 | |a 1ΕΛΗ |b 199901 |c ΚΠΣ/ΤΓ |d LEADER | ||
| 950 | |a 118-1998-10-19 | ||
| 970 | |a ΜΟΥΣΤΑΚΑ |b ΠΗΝΕΛΟΠΗ |z 1999/08/28 | ||